00690pam a2200193 a 4500020001500000082001200015100002100027245002600048250001200074260006200086300003300148650002600181700002100207700002300228942000700251999001300258952011200271952011300383 a006042995X00a546 HUH1 aHuheey, James E.10aInorganic chemistry : a4th ed. aNew York, NY :bHarperCollins College Publishers,cc1993. axvii, 964, A-88 p. :bill. ; 0aChemistry, Inorganic.1 aKeiter, Ellen A.1 aKeiter, Richard L. cBK c661d661 0010708NFICaICbICcGENd2015-05-20l4o546 HUHp006747r2022-11-17 00:00:00s2020-02-09w2015-05-20yBK 0010708NFICaICbICcGENd2015-07-15l14o546 HUHp005918r2025-08-31 14:48:25s2025-08-24w2015-07-15yBK